[Event "EU-Cup 31st"]
[Site "Skopje"]
[Date "2015.10.24"]
[Round "7.1"]
[White "Roiz, Michael"]
[Black "Ivanchuk, Vassily"]
[Result "0-1"]
[WhiteElo "2600"]
[BlackElo "2726"]
[Annotator "Roiz,M"]
[PlyCount "56"]
[EventDate "2015.10.18"]
[EventType "team-swiss"]
[EventRounds "7"]
[EventCountry "MKD"]
[SourceTitle "CBM 169"]
[Source "ChessBase"]
[SourceDate "2015.11.10"]
[SourceVersion "1"]
[SourceVersionDate "2015.11.10"]
[SourceQuality "1"]
[WhiteTeam "Beer Sheva"]
[BlackTeam "Alkaloid"]
[WhiteTeamCountry "ISR"]
[BlackTeamCountry "MKD"]

1. d4 d5 2. c4 c6 {Predicting an opening choice of Vassily is always a very
tough task. That's why I didn't focus on any specific line before this game.}
3. Nf3 Nf6 4. e3 Bf5 5. Nc3 e6 6. Nh4 Be4 {Black provokes the somewhat
weakening f2-f3 advance. This decision is double-edged, since in many cases
White may benefit from creating a strong pawn centre by means of f2-f3.} (6...
Bg6 {is a more quiet alternative.}) 7. f3 Bg6 8. Qb3 Qc7 9. Bd2 Be7 {The
latest fashion. Black is not hurrying with moving the Nb8, since it may be
comfortably placed on c6 in the event of a release of the pressure.} 10. g3 {
I can hardly explain why I spent around 25 minutes till this moment, since the
line was well known to me. Alas, such careless time management was punished.} (
{The only line which I was able to recall to memory was:} 10. Rc1 Ne4 $1 11.
fxe4 Bxh4+ 12. g3 dxc4 13. Qxc4 Be7 $132) 10... O-O 11. Rc1 Rd8 $146 {Most
probably, this innovation was an improvisation during the game. This is aimed
at protecting the Pd5 and supporting the c6-c5 advance.} ({The most common
continuation is:} 11... Qd7 {In general, Black's results in this position are
pretty good, but in the following recent game GM Igor Lysyj was able to
develop a powerful initiative:} 12. cxd5 cxd5 13. Nxg6 hxg6 14. g4 $5 (14. Na4
Rc8 15. Rxc8+ Qxc8 16. Be2 Nc6 17. O-O Qd7 18. Rc1 Rc8 $11 {1/2 Nyback,T (2594)
-Neiksans,A (2571)/Sastamala 2014/CBM 161 Extra (53)}) 14... Nc6 15. g5 Ne8 16.
f4 Nd6 17. Qd1 Nf5 18. Qf3 Bb4 19. h4 $36 {1/2 Lysyj,I (2673)-Vitiugov,N (2719)
/Chita RUS 2015 (41)}) ({After} 11... dxc4 12. Bxc4 b5 13. Nxg6 hxg6 14. Bd3
$14 {as was played in Bacrot,E (2705)-Magem Badals,J (2470)/Evry 2008 Black
suffers from a lack of space and pressure along the c-file.}) 12. Nxg6 {
I had no reason to deviate from the exchange - Black cannot benefit from
opening-up the h-file any longer.} hxg6 13. cxd5 {A correct decision, but...
it was also played after significant delay! White definitely needs to clarify
the pawn structure in order to neutralise the pressure of the Rd8.} ({
Ivanchuk's idea would be fully justified in the event of} 13. Bg2 dxc4 14. Qxc4
e5 $1 15. dxe5 Qxe5 16. f4 Qh5 $132) 13... exd5 ({An attempt to keep the
d-file closed fails to equalise:} 13... Nxd5 14. Be2 Qb6 15. Bc4 Nd7 16. O-O
$14 {Black lacks any active ideas.}) 14. Bg2 {The first step in a wrong
direction. For some reason, I wasn't afraid of Black's counterplay (which is
based on the c6-c5 advance), so I put the bishop on the most natural square.} (
{I seriously considering the most precise} 14. Bh3 $1 {, but I definitely
overestimated the effect of the immediate c6-c5:} c5 ({Comparing to the game,
now} 14... Qb6 15. Qc2 Nbd7 16. O-O {leaves Black in a passive position:} Rac8
17. Na4 Qb5 18. Rfe1 $14) 15. dxc5 Na6 {wouldn't solve Black's problems. White
has several promising continuations, such as} 16. Na4 Nd7 17. O-O Ndxc5 18. Qb5
Qd6 19. Nxc5 Nxc5 20. Rfd1 $14 {with a stable edge.}) 14... Qb6 15. Qc2 {
White definitely has to keep the queens on the board in order to fight for the
initiative.} ({Leaving the Pb2 unprotected was hardly a good idea:} 15. Qd1
Nbd7 16. O-O Qxb2 17. Rb1 Qa3 18. Rxb7 Rab8 $132) ({Nor does} 15. Qxb6 {
promise anything special:} axb6 16. O-O b5 $132) ({Or} 15. O-O Qxb3 16. axb3
Bb4 $11) 15... Nbd7 16. O-O Rac8 {Only after this move did I realise that my
previous play hadn't been precise, since all Black's forces are well-prepared
for pushing c6-c5.} 17. Rfd1 {This move is connected with a natural plan of
regrouping the pieces.} ({The alternatives were:} 17. Bh3 c5 18. Qb3 (18. Bxd7
Rxd7 19. Na4 Qe6 20. Nxc5 Bxc5 21. dxc5 b6 22. b4 bxc5 23. bxc5 Rdc7 $11) 18...
cxd4 19. Qxb6 Nxb6 20. exd4 Rc6 21. Rfe1 Bb4 $11) ({and} 17. Qd3 c5 18. b3 Qe6
19. Rfe1 a6 20. a4 Bf8 $132) 17... c5 {Obviously, Black has no other useful
ideas.} 18. Be1 Qe6 $1 {Freeing the way for the b-pawn and putting some
pressure on the Pe3.} 19. Bf2 a6 $1 {Vassily correctly keeps the tension in
the centre. Black's plan is clear: 20...b5, followed by 21...Nb6 is coming. At
the same time, White's queen doesn't feel comfortable under the pressure of
the Rc8.} ({I was naively hoping for something like} 19... cxd4 $6 20. exd4 Bb4
21. Qb3 $14) 20. Qe2 ({I was considering} 20. a4 {like a clear concession.
Indeed,after} cxd4 21. exd4 Bb4 22. Qb3 Ba5 23. Re1 Qb6 $11 {Black would
successfully solve all the problems.}) ({Moving the queen back looks like a
concession, but it wasn't bad:} 20. Qb3 $5 b5 $1 ({During the game I was
worried about} 20... c4 {, but it seems that releasing the pressure in the
centre suits White anyway:} 21. Qc2 b5 22. a3 $36 {[%cal Ge3e4]}) 21. e4 cxd4
22. Nxd5 Rxc1 23. Rxc1 (23. Nxe7+ Qxe7 24. Rxc1 Ne5 $132) 23... Ne5 24. f4 Nc4
25. Qd3 Nxb2 26. Qxd4 Nc4 $11) 20... b5 21. dxc5 $6 {After this exchange
Black's pieces get much more activity.} ({My first intention was:} 21. a3 Nb6
22. Qf1 {, but I didn't like the strong response} g5 $1 {Indeed, Black is
considerably well placed here, but it still was a better choice for me. For
instance,} 23. Bh3 g4 24. fxg4 Nxg4 25. Qe2 f5 26. e4 cxd4 27. exf5 Qxe2 28.
Nxe2 {leads to an approximately equal endgame.}) 21... Bxc5 {[%mdl 8192]} 22.
Rc2 $2 {A terrible blunder. As often happens, I noticed the tactical drawback
of my move 1 second after it was made.} ({Black's position was already
somewhat better, so I had to invite some simplifications by means of:} 22. a3
Ne5 23. a4 $1 b4 24. f4 $1 bxc3 25. fxe5 Qxe5 (25... Ne4 26. Bxe4 dxe4 27. Rxc3
Bb4 28. Rxc8 Rxc8 29. Be1 $11) 26. Rxc3 d4 27. Rcd3 Re8 28. e4 Rcd8 29. Rc1 {
keeping good chances for a successful defence.}) 22... b4 $1 {Of course,
Vassily doesn't miss his opportunity.} 23. Na4 Bxe3 $1 {The unprotected Rc2
allows Black to win the important pawn.} 24. Rxc8 ({Hardly better was} 24. Bxe3
Rxc2 25. Qxc2 Qxe3+ 26. Qf2 Qe6 27. Re1 Qc6 28. b3 a5 $17) 24... Bxf2+ 25. Qxf2
({Possibly, a better practical try would be:} 25. Kxf2 Rxc8 26. Qxe6 fxe6 27.
Bf1 Rc2+ 28. Be2 a5 29. Ke3 g5 $17 {White is doomed to passive defence, but
Black still has to find a way to make progress.}) 25... Rxc8 26. Bf1 Ne5 27.
Kg2 $2 {Being under time pressure, White is committing the decisive mistake of
making Black's technical task much easier.} ({I had to play} 27. Qe2 g5 28. f4
gxf4 29. gxf4 Ng6 30. Qxe6 fxe6 31. Bxa6 Ra8 32. Nc5 Nxf4 33. Rd4 Rxa6 34. Rxf4
Rxa2 35. Rxb4 {and the restricted material balance forces Black to play very
precisely.}) 27... Qf5 $1 {A decisive penetration by Black's pieces.} 28. Rd2 (
{Or} 28. g4 Nexg4 29. fxg4 Qxg4+ 30. Kh1 Qxd1 $19) 28... Ne4 $1 {A final touch.
It was a painful loss in the final round, but I fully deserved it.} ({White
resigns in view of} 28... Ne4 29. fxe4 Qxe4+ 30. Kh3 g5 {and the king is
helpless.}) 0-1

[Event "UKR-ch (Women) 74th"]
[Site "Lvov"]
[Date "2014.11.13"]
[Round "1"]
[White "Muzychuk, Mariya"]
[Black "Muzychuk, Anna"]
[Result "1/2-1/2"]
[WhiteElo "2529"]
[BlackElo "2545"]
[Annotator "Sagar Shah"]
[PlyCount "50"]
[EventDate "2014.11.13"]
[EventType "tourn"]
[EventRounds "9"]
[EventCountry "UKR"]
[EventCategory "5"]
[SourceTitle "CBM 163 Extra"]
[Source "ChessBase"]
[SourceDate "2014.12.23"]
[SourceVersion "1"]
[SourceVersionDate "2014.12.23"]
[SourceQuality "1"]

1. c4 c6 2. d4 d5 3. Nf3 Nf6 4. e3 Bf5 5. Nc3 e6 6. Nh4 Bg6 7. Qb3 Qc7 8. Nxg6
hxg6 9. g3 Nbd7 10. Bg2 Be7 11. O-O O-O 12. Bd2 $6 (12. cxd5 {seems to be the
best move in the position.} exd5 13. f3 $5 {With the intention to build a
strong center with e3-e4 as was played in Giri-Motylev, Biel 2014.} b5 14. e4
$5 {could be the improvement} (14. Ne2 Qb6 15. Kh1 c5 {was the game
continuation.}) 14... dxe4 15. fxe4 Qb6 16. Rd1 $14) 12... Nb6 13. cxd5 cxd5
14. Rfc1 Nc4 15. Be1 Qd7 (15... Na5 {was better} 16. Qd1 Nc6 {with a small
edge for White but nothing substantial.}) 16. e4 $1 Na5 17. Qb5 Qxb5 18. Nxb5
Nc6 19. exd5 Nxd5 20. Nc3 Rfd8 21. Nxd5 exd5 22. Bc3 Bf6 23. Rd1 g5 24. Bf3
Rac8 25. Kg2 g6 {White does hold a small advantage thanks to his double bishop
advantage but the pressure on d4 is irritating to say the least and whatever
be the result, the point stays in the family! A draw was agreed.} 1/2-1/2

[Event "Amsterdam Euwe Memorial"]
[Site "Amsterdam"]
[Date "1991.??.??"]
[Round "3"]
[White "Gurevich, Mikhail"]
[Black "Salov, Valery"]
[Result "1/2-1/2"]
[WhiteElo "2650"]
[BlackElo "2645"]
[Annotator "Salov,V"]
[PlyCount "69"]
[EventDate "1991.05.??"]
[EventType "tourn"]
[EventRounds "9"]
[EventCountry "NED"]
[EventCategory "16"]
[SourceTitle "CBM 023"]
[Source "ChessBase"]
[SourceDate "1991.08.01"]
[SourceVersion "1"]
[SourceVersionDate "1991.08.01"]
[SourceQuality "1"]

1. d4 d5 2. c4 c6 3. Nf3 Nf6 4. e3 Bf5 5. cxd5 cxd5 6. Qb3 Qc7 7. Nc3 e6 8. Bd2
Nc6 9. Nh4 Be4 $5 {TN} (9... Bg4 10. h3 Bh5 11. g4 Bg6 12. Nxg6 hxg6 $10) 10.
f3 Bg6 11. Nxg6 $2 (11. Rc1 $142 $10) 11... hxg6 12. Bd3 a6 13. Rc1 Bd6 (13...
Be7 $5 14. f4 g5 $1 $36) 14. f4 $8 Rc8 $2 (14... g5 $142 $1 15. fxg5 Ng4 16. h3
Be7 $1 17. Ne2 Bxg5 $17) 15. Qd1 $1 $8 Qe7 16. Qf3 Bb4 17. a3 Bxc3 18. Bxc3 Rc7
$2 (18... Nd7 $142 $1 $15) 19. O-O O-O 20. Rc2 b5 21. g4 {Beginning the
assault on the kingside while after 21.Rfc1 Rfc8 22.a4! his activity on the
left flank might become quite annoying.} Rfc8 22. Rg2 b4 $1 $8 23. axb4 Nxb4
24. Bxb4 $6 (24. Bb1 $142 Ne4 25. Bxe4 dxe4 26. Qxe4 Nd5 27. Bd2 f5 28. gxf5
gxf5 29. Qe5 $14) 24... Qxb4 25. f5 Qb3 $1 26. Bxa6 (26. Bb1 Rc1 $132) 26...
Ra8 27. fxg6 fxg6 $8 (27... Rxa6 $2 28. g5 $40) 28. g5 Ne4 29. Qf4 Re7 30. Be2
Nd2 $1 $10 31. Bd1 $8 (31. Rff2 Ra1+ $17) (31. Re1 Rf8 32. Qg3 Ne4 33. Qh3 Ref7
$40) 31... Qd3 32. Be2 Qb3 33. Bd1 Qd3 34. Be2 Qb3 35. Bd1 1/2-1/2

[Event "WchT 3rd"]
[Site "Luzern"]
[Date "1993.??.??"]
[Round "8.1"]
[White "Serper, Grigory"]
[Black "Shirov, Alexei"]
[Result "1/2-1/2"]
[WhiteElo "2575"]
[BlackElo "2685"]
[Annotator "Serper,G"]
[PlyCount "59"]
[EventDate "1993.10.24"]
[EventType "team-tourn"]
[EventRounds "9"]
[EventCountry "SUI"]
[SourceTitle "CBM 039"]
[Source "ChessBase"]
[SourceDate "1994.04.01"]
[SourceVersion "1"]
[SourceVersionDate "1994.04.01"]
[SourceQuality "1"]
[WhiteTeam "Uzbekistan"]
[BlackTeam "Latvia"]
[WhiteTeamCountry "UZB"]
[BlackTeamCountry "LAT"]

1. d4 d5 2. c4 c6 3. Nf3 Nf6 4. e3 Bf5 5. Bd3 Bxd3 6. Qxd3 e6 7. Nc3 Nbd7 8.
O-O Be7 9. e4 dxe4 10. Nxe4 Nxe4 11. Qxe4 O-O 12. Bd2 Qb6 13. Bc3 $5 (13. Qc2)
13... Bb4 $1 14. Qc2 Bxc3 (14... a5 $5) 15. Qxc3 a5 16. Rfd1 Nf6 (16... Qb4 17.
Qxb4 axb4 18. Ne1 {/\ Nc2 xb4+/-}) 17. Rd3 c5 $5 18. Rad1 (18. d5 exd5 19. cxd5
Ne4 $1 $13) 18... Rad8 19. dxc5 (19. Ne5 $5 cxd4 20. Rxd4 Ne4 $1 21. Qe3 Rxd4
22. Qxd4 (22. Rxd4 $2 Qxb2 $1 23. Rxe4 f5 $1 $19) 22... Qxd4 23. Rxd4 Nc5 $10)
19... Rxd3 20. Rxd3 Qxc5 21. Qd4 Qxd4 22. Rxd4 Rc8 23. Ne5 $5 Kf8 24. Rd6 (24.
f4 Ke7 25. Kf2 Rc7 {/\ Ne8, f6=}) 24... Ne4 $5 (24... Ke7 25. Rb6 Rc7 26. Rb5
Nd7 $1 27. Nxd7 Rxc4 $1 28. Kf1 Kxd7 29. Rxb7+ Ke8 30. Ke2 Rc2+ 31. Ke3 a4 $10)
25. Rb6 f6 $1 (25... Rd8 $2 26. Kf1 Rd2 27. f3 Nc5 28. Rb5 $16) 26. Nd7+ $1 Ke8
(26... Ke7 27. Rxb7) 27. Rxe6+ Kxd7 28. Rxe4 b5 29. b3 bxc4 30. Rd4+ (30. bxc4
Rb8 {/\ Rb2=/+}) (30. Rd4+ Ke6 31. bxc4 Rb8 32. g3 Rb2 33. c5 Rxa2 34. Rd6+ Ke5
35. Ra6 $10) 1/2-1/2

[Event "EU-Cup 32nd"]
[Site "Novi Sad"]
[Date "2016.11.08"]
[Round "3.1"]
[White "Sethuraman, SP."]
[Black "Mamedov, Rauf"]
[Result "1/2-1/2"]
[WhiteElo "2649"]
[BlackElo "2684"]
[Annotator "Sethuraman,SP"]
[PlyCount "84"]
[EventDate "2016.11.06"]
[EventType "team-swiss"]
[EventRounds "7"]
[EventCountry "SRB"]
[SourceTitle "CBM 176"]
[Source "ChessBase"]
[SourceDate "2017.01.17"]
[SourceVersion "1"]
[SourceVersionDate "2017.01.17"]
[SourceQuality "1"]
[WhiteTeam "Itaka"]
[BlackTeam "Odlar Yurdu"]
[WhiteTeamCountry "SRB"]
[BlackTeamCountry "AZE"]

{After winning the first roud and drawing level with Valarenga chess club in
the second round, the third round was quite tough facing the strong Odlar
Yurudu... almost the olympic team of Azerbaijan.} 1. d4 d5 2. c4 c6 3. Nf3 Nf6
4. e3 Bf5 5. Nc3 e6 6. Nh4 Be4 7. f3 Bg6 8. Qb3 Qc7 9. Bd2 {The second game in
the same variation.} Be7 (9... Nbd7 10. cxd5 exd5 11. e4 $1 {and this was my
first round game in the same tournament} dxe4 12. Nxg6 hxg6 13. fxe4 Nb6 14. e5
Nfd5 15. Be2 Rh4 16. g4 Be7 17. a4 $14 {1-0 (62) Sethuraman,S (2649)
-Kharchenko,B (2450) Novi Sad SRB 2016}) 10. g3 Bh5 11. Be2 dxc4 (11... g5 $5)
12. Qxc4 Nbd7 13. e4 {My opponent was blitzing out his moves and after this
natural move he began to start thinking.} a6 14. a4 (14. O-O b5 (14... c5 15.
Bf4 {with d4-d5 to follow}) 15. Qd3 (15. Qb3 b4 $15) 15... Rd8 $1 $13 (15... c5
16. e5 $16)) 14... O-O (14... c5 15. d5 (15. Bf4 Qa5 {not allowing White to
play d5 was fine for Black}) 15... Ne5) 15. O-O b5 $1 16. axb5 axb5 17. Qd3 (
17. Nxb5 Qb6 18. Na3 Nxe4 $1 19. fxe4 Ne5 20. Qc3 Bxe2 21. Rf2 Bxh4 22. dxe5
Be7 23. Be3 Qa6 $17) 17... b4 18. Na4 Rfd8 (18... c5 19. Be3 $11 (19. Qc2 Qd6
$1 20. dxc5 Qd4+ 21. Kh1 (21. Kg2 b3) 21... b3)) 19. Be3 Ne8 (19... Rxa4 20.
Rxa4 Nc5 21. dxc5 Rxd3 22. Bxd3 {and I would prefer White here.}) (19... c5 20.
Qc2 $1) 20. Ng2 (20. Qc2 $142 {not being too concerned about the exchange on
h4 was much stronger than what happened in the game} Bxh4 21. gxh4 Nef6 22. Nc5
$14) 20... c5 21. Qc2 cxd4 22. Qxc7 Nxc7 23. Bxd4 e5 {Black is fine here as he
can activate his bishop on h5 via ...f6, ...Bf7.} 24. Be3 Ne6 25. Kf2 f6 26.
Bc4 Bf7 27. Bd5 Rac8 28. Rfd1 (28. Rfc1 Nd4 (28... Nec5 29. Bxf7+ Kxf7 30. Nxc5
Nxc5 31. Ne1) 29. Bxd4) 28... Nd4 29. Bxf7+ Kxf7 30. Bxd4 exd4 (30... Rc2+ 31.
Kg1 (31. Kf1 exd4 32. Rxd4 Ne5 33. Rxd8 Bxd8 34. Rd1 Be7 35. Ne1 Rxh2 36. Kg1
Re2 37. Kf1 Re3 38. Kf2 Rb3 39. Ke2 $11) 31... exd4 32. Ne1 Re2 33. Rxd4 Ne5
34. Rxd8 Bxd8 35. Kf1 $11) 31. Ne1 Ra8 (31... b3 $1 {not allowing white to fix
his pawn on b3} 32. Rxd4 Ne5 33. Rxd8 Rxd8 34. f4 Rd2+ 35. Kg1 Ng4 {and Black
gets a huge amount of activity for the pawn.}) 32. b3 Rdc8 $2 (32... Nc5 33.
Nxc5 Bxc5 34. Ke2 Ra3 35. Rac1 $1 Be7 36. Rd3) (32... Ne5 33. Rac1) 33. Rxd4
Ne5 (33... Rxa4 34. Rxa4 Bc5 35. Raxb4 {this was the move which my opponent
blundered.}) (33... Nb6 34. Nxb6 Rxa1 35. Nxc8 Bc5 36. Nd6+ Ke6 37. Nf5 g6 38.
Nd3 Ba7 39. Nf4+ Kf7 40. Nd6+ Ke7 41. Nc8+ $18) 34. Rdd1 (34. Rd5 $1 Ra6 (34...
Nc6 35. Rc1) 35. Rad1 Nc6) 34... Nc6 35. Rac1 $2 {I return the favour.} (35.
Nc2 $142 $16) 35... Na5 36. Rxc8 Rxc8 37. Rb1 (37. Rd3 Rc1) 37... Ra8 $1 38.
Ke2 Nxb3 39. Rxb3 Rxa4 40. Nc2 Ra8 41. Rb2 h5 42. Nxb4 Bxb4 {And a draw.
Missed chances here and there. We lost this match against the strong
Azerbaijan team, but it was a good fight on all boards.} 1/2-1/2